Countries with Longest Wikipedia Articles - Statistics

General Stats
  • This quiz has been taken 355 times
  • The average score is 10 of 15
Answer Stats
Words Country % Correct
33,334 China
95%
31,678 United Kingdom
95%
36,044 France
91%
36,666 Italy
85%
34,347 Mexico
78%
33,064 Iran
73%
34,709 Greece
69%
32,197 Poland
59%
32,248 Portugal
59%
30,408 Netherlands
57%
35,427 Israel
56%
30,491 Sweden
52%
37,689 Pakistan
48%
35,523 Saudi Arabia
48%
32,912 Ukraine
46%
No matching quizzes found
Score Distribution
Percent of People with Each Score
Percentile by Number Answered
Your Score History
You have not taken this quiz